01170cam a2200301 a 4500001000500000005001700005020001700022040001800039050000900057082000800066100002100074245010700095260004200202300005400244490002300298505000800321520019300329521002900522521002000551650002200571650004800593650003700641650005000678650003400728650004200762655003300804700003100837381820241031161258.0 a708431390256 aDLCcDLCbeng00b2007 a5311 aSonneborn, Scott10aPirates! :bthe treasure of Turtle Island /cwritten by Scott Sonneborn ; illustrated by Bill Mudron. aEmeryville, Cailf :bLeapFrog ;c2007 a25 pages : bcolor illustrations : map ; c24 cm.0 aTAG Reading System aK  aRead along as pirate kids Will and Abby decode a map so they can beat mean old pirate One Tooth to the treasure! Teaches short and long vowels, word building, vowel pairs and pirate facts. a510 bLexile estimate  aK bRaz-Plus  0aReading (Primary) 0aReading comprehensionvJuvenile literature. 0aVocabularyvJuvenile literature. 0aReadingxPhonetic methodvActivitiy programs. 0aPiratesvJuvenile literature. 0aTreasure-trovesvJuvenile literature. 0aChildren's electronic books.1 aMudron, Billeillustrator